02072cam a22004814i 4500003000900000005001700009008004100026020001500067020001800082035002000100040003300120049000900153082001700162100003200179245011900211264004000330300004100370336002100411337002500432338002300457504003100480505048900511526001001000526001001010526001001020526001001030526000801040526000801048526000801056526000801064526000801072526000801080526000801088650002401096650001901120910002801139942001401167994001401181596000601195999016701201980005501368952016701423PE-LiUPU20250731173109.0181213s2018 tnu r 001 0 eng d a1540960641 a9781540960641 a(Sirsi) a251043 aPE-LiUPUbspacPE-LiUPUerda aPRUA04a286bH532231 aHildreth, D. Scott,eautor.10aTogether on God's mission :bhow Southern Baptists cooperate to fulfill the Great Commission /cD. Scott Hildreth. 1aNashville :bB&H Academic,c[2018]. axv, 94 páginas ;c23 centímetros atext2rdacontent aunmediated2rdamedia avolume2rdacarrier aÍndice: páginas 89-94.0 aThe historical development of the Southern Baptist Convention -- From Missionary Society to a Convention of Churches -- The SBC Adopts a Cooperative Identity -- How Southern Baptists cooperate on mission -- God's Mission and the Mission of His People -- Our God is a Missionary God -- God's Mission and God's People -- The Early Church and Its Cooperative Mission -- Southern Baptists: A People Pursuing God's Mission -- A Proposal for Southern Baptist cooperation -- Study questions. aSEG42 aSEG41 aSEG40 aSEG39 aP94 aP87 aP86 aP85 aP77 aP76 aP35 4aObra evangelistica. 4aGran comision. adbmbrricrrid20181213 2ddccBOOK aC0bPEPRU a1 a286 H53wDEWEYc30495i79350f2021-11-11g5lCCODEBUL1mBULp7.50r0sYtBOOKu2018-12-13xTEOLOGIAPP850DONACION1FCOMPR2o.STAFF. Colección Teologíad30495 81gALBERTO SANCHEZ Responsable de Automatización r2025-12-02 00:00:00i6l0o286 H53p79350te1v12.50w2018-12-13xPGyBKzinventario-2023-12-13102ddc50708GENfP85aBULbBULcGENd2018-12-13eDONACIONg7.50